[Event "PSC / Puregold Open 2014"]
[Site "Quezon City PHI"]
[Date "2014.12.15"]
[Round "3.6"]
[White "Bersamina,Paulo"]
[Black "Antonio,R"]
[Result "1/2-1/2"]
[WhiteElo "2391"]
[BlackElo "2503"]

1.d4 Nf6 2.c4 c5 3.d5 e6 4.Nc3 exd5 5.cxd5 d6 6.Nf3 g6 7.Qa4+ Nbd7 8.Bf4 Be7
9.e4 O-O 10.Bd3 Nh5 11.Be3 a6 12.O-O b5 13.Qc2 Re8 14.a4 b4 15.Nb1 Bf8 16.Nbd2 Nhf6
17.Nc4 Nb6 18.Nxb6 Qxb6 19.b3 Ng4 20.Bd2 Bg7 21.Rae1 a5 22.h3 Ne5 23.Nxe5 Bxe5
24.Kh1 Ba6 25.f4 Bd4 26.f5 Be5 27.f6 Rec8 28.Bxa6 Qxa6 29.Bh6 c4 30.Bg7 cxb3
31.Qd2 Rc3 32.Qh6 Qc8 33.Bh8 Qf8 34.Bg7 Qc8  1/2-1/2

[Event "Zadar Open A 2014"]
[Site "Zadar CRO"]
[Date "2014.12.16"]
[Round "4.10"]
[White "Rezan,S"]
[Black "Yurtseven,M"]
[Result "1-0"]
[WhiteElo "2439"]
[BlackElo "2372"]

1.d4 Nf6 2.c4 c5 3.d5 e6 4.Nc3 exd5 5.cxd5 d6 6.Nf3 g6 7.Bf4 a6 8.a4 Bg7
9.h3 O-O 10.e3 Ne8 11.Be2 Nd7 12.O-O Qe7 13.Re1 Ne5 14.e4 Nxf3+ 15.Bxf3 Be5
16.Qd2 Nf6 17.Ne2 Bd7 18.Bxe5 Qxe5 19.Nc1 c4 20.a5 h5 21.Ra3 Rfe8 22.Rae3 g5
23.b3 cxb3 24.Rxb3 Bb5 25.Rxb5 axb5 26.Nd3 Qe7 27.Qxg5+ Kh8 28.e5 Nh7 29.Qxh5 Qg5
30.Qxf7 Re7 31.Qf4 dxe5 32.Qb4 Qf6 33.d6 Rg7 34.Nxe5 Rf8 35.Ng4 Qf5 36.Be4 Qf4
37.g3 Qf7 38.Qd4 Ng5 39.Bg2 Ne6 40.Qe5 Nd8 41.f4 b4 42.Qb2 Re8 43.Rxe8+ Qxe8
44.Qxb4 Nc6 45.Qc3 Qe2 46.Qf6 Qd2 47.Qf8+  1-0

[Event "PSC / Puregold Open 2014"]
[Site "Quezon City PHI"]
[Date "2014.12.17"]
[Round "5.11"]
[White "Abelgas,Roe"]
[Black "Antonio,R"]
[Result "0-1"]
[WhiteElo "2293"]
[BlackElo "2503"]

1.d4 Nf6 2.c4 e6 3.Nf3 c5 4.d5 exd5 5.cxd5 d6 6.Nc3 g6 7.g3 Bg7 8.Bg2 O-O
9.O-O Re8 10.Nd2 Nbd7 11.Nc4 Ne5 12.Nxe5 Rxe5 13.Bf4 Re8 14.h3 Nh5 15.Bc1 a6
16.a4 Rb8 17.a5 b5 18.axb6 Rxb6 19.e4 Rb4 20.Ra4 a5 21.Re1 Bd7 22.Ra3 Bd4
23.Na2 Rb8 24.Qc2 a4 25.Kh2 Rb3 26.Nc3 Qf6 27.Re2  0-1

[Event "Norberto La Porta Cup"]
[Site "Buenos Aires ARG"]
[Date "2014.12.19"]
[Round "7.17"]
[White "Quiroga,F"]
[Black "Paternoste,M"]
[Result "1-0"]
[WhiteElo "2262"]
[BlackElo "2081"]

1.d4 Nf6 2.c4 e6 3.Nc3 c5 4.d5 exd5 5.cxd5 d6 6.Nf3 g6 7.e4 Bg7 8.Be2 O-O
9.O-O Bg4 10.h3 Bxf3 11.Bxf3 Nbd7 12.Bf4 Ne8 13.Qd2 Ne5 14.Be2 a6 15.a4 b6
16.Be3 Nc7 17.f4 Nd7 18.Bg4 Re8 19.e5 dxe5 20.d6 Ne6 21.Bxe6 fxe6 22.Rad1 Ra7
23.fxe5 Nxe5 24.Bg5 Qa8 25.Qe2 Nd7 26.Be7 Ne5 27.Bf6 Nd7 28.Be7 Ne5 29.Rf4 Raxe7
30.dxe7 Rxe7 31.Re4 Nc6 32.Rxe6 Nd4 33.Qe4 Qxe4 34.Rxe4 Rxe4 35.Nxe4 Nf5
36.Rd8+ Kf7 37.Rb8 c4 38.g4 Bd4+ 39.Kf1 Ne3+ 40.Ke2 Ke6 41.Ng5+ Kd7 42.Nf3 Bc5
43.Rh8 Nd5 44.Ne5+ Ke6 45.Re8+ Kf6 46.Nd7+ Kf7 47.Rc8 c3 48.b3 Bd6 49.Rc6 c2
50.Rxc2 Ke7 51.Nxb6 Nxb6 52.Rc6 Nd5 53.Rxa6 Nf4+ 54.Ke3 Nxh3 55.Ra7+ Ke6
56.Rxh7 Bc5+ 57.Kd3 Nf2+ 58.Kc4 Be3 59.g5 Ng4 60.a5 Ne5+ 61.Kb5 Nf3 62.Rh3 Nd4+
63.Kc4 Bf2 64.b4 Nc6 65.Rh7 Ne5+ 66.Kb5 Kf5 67.a6 Kxg5 68.Rc7  1-0

[Event "PSC / Puregold Open 2014"]
[Site "Quezon City PHI"]
[Date "2014.12.19"]
[Round "8.4"]
[White "Narayanan,SL"]
[Black "Pantsulaia,L"]
[Result "1-0"]
[WhiteElo "2437"]
[BlackElo "2583"]

1.d4 Nf6 2.c4 c5 3.d5 e6 4.Nc3 exd5 5.cxd5 d6 6.Nf3 g6 7.Nd2 Nbd7 8.e4 Bg7
9.Be2 O-O 10.O-O Re8 11.a4 Ne5 12.h3 g5 13.Nf3 Nxf3+ 14.Bxf3 Re5 15.Rb1 b6
16.b4 h5 17.Be2 Nxe4 18.Nxe4 Rxe4 19.Bxh5 Rxb4 20.Rxb4 cxb4 21.f4 g4 22.f5 Qh4
23.Bxf7+ Kxf7 24.f6 Bf8 25.Qc2 b3 26.Qc7+ Kg8 27.Qd8 Kf7 28.Qc7+ Kg8 29.f7+ Kh7
30.Qc3 Bf5 31.Rxf5 Bg7 32.Qd3 Kh8 33.Bg5 Qh7 34.Qe4 Rf8 35.hxg4 b2 36.Be3 Be5
37.Rh5 Rxf7 38.Rxh7+ Rxh7 39.g5 Rc7 40.Qb1 Rc4 41.Kf2  1-0

[Event "Norberto La Porta Cup"]
[Site "Buenos Aires ARG"]
[Date "2014.12.20"]
[Round "8.3"]
[White "Gaitan,Juan Manuel"]
[Black "Liascovich,L"]
[Result "1-0"]
[WhiteElo "2232"]
[BlackElo "2473"]

1.d4 Nf6 2.c4 e6 3.Nf3 c5 4.d5 exd5 5.cxd5 d6 6.Nc3 g6 7.Bf4 Bg7 8.Qa4+ Bd7
9.Qb3 b5 10.Bxd6 Qb6 11.Be5 O-O 12.e3 c4 13.Qd1 b4 14.Ne2 Rc8 15.Nf4 Bg4
16.Be2 Nbd7 17.Bd4 Qa5 18.h3 Bf5 19.O-O c3 20.a3 c2 21.Qd2 Bf8 22.axb4 Qxb4
23.Bc3 Qb8 24.Bd3 Be4 25.Bxe4 Nxe4 26.Qxc2 Nxc3 27.bxc3 Bg7 28.Ne2 Qb5 29.e4 a5
30.Ned4 Qc5 31.Ra2 Nb6 32.Rb1 Nc4 33.Rb5 Qd6 34.Rb7 Qa6 35.Qb3 a4 36.Qb5 Qxb5
37.Nxb5 a3 38.Nbd4 Bxd4 39.Nxd4 Rcb8 40.Rb4 Rxb4 41.cxb4 Ra4 42.Nc2 f5 43.exf5 gxf5
44.Kf1 Nd2+ 45.Ke2 Nb1 46.Kd3 Kf7 47.f4 Ra8 48.Nd4 Rc8 49.Nc6 Rg8 50.g4 fxg4
51.hxg4 h5 52.g5 h4 53.Kc2 Re8 54.Ne5+  1-0

[Event "Zadar Open A 2014"]
[Site "Zadar CRO"]
[Date "2014.12.20"]
[Round "9.11"]
[White "Bilobrk,F"]
[Black "Cebalo,M"]
[Result "1/2-1/2"]
[WhiteElo "2384"]
[BlackElo "2392"]

1.d4 Nf6 2.c4 c5 3.d5 e6 4.Nc3 exd5 5.cxd5 d6 6.Nf3 g6 7.Bf4 a6 8.a4 Bg7
9.h3 O-O 10.e3 Ne8 11.Be2 Nd7 12.O-O b6 13.Re1 Qe7 14.Bf1 Ne5 15.Nxe5 dxe5
16.Bh2 Nd6  1/2-1/2

[Event "41st Eastern Open 2014"]
[Site "Bethesda USA"]
[Date "2014.12.28"]
[Round "4.3"]
[White "Schoch,I"]
[Black "Samuelson,A"]
[Result "1-0"]
[WhiteElo "2142"]
[BlackElo "2193"]

1.d4 Nf6 2.c4 c5 3.d5 e6 4.Nc3 exd5 5.cxd5 d6 6.Nf3 g6 7.g3 Bg7 8.Bg2 O-O
9.O-O a6 10.a4 Nbd7 11.e4 Re8 12.Re1 Ng4 13.Qc2 Rb8 14.h3 Nge5 15.Nxe5 Nxe5
16.f4 Nc4 17.Bf1 Bd4+ 18.Kh2 b5 19.axb5 axb5 20.Nxb5 Rxb5 21.Bxc4 Rb4 22.Ra2 Qd7
23.Bf1 Qb7 24.Bc4 f5 25.b3 Qd7 26.Qg2 fxe4 27.Rae2 Rb8 28.g4 Qd8 29.Rxe4 Rxe4
30.Qxe4 Bxg4 31.hxg4 Qh4+ 32.Kg2 Qxg4+ 33.Kf1 Qg1+ 34.Ke2 Qg4+ 35.Kd3 Qg3+
36.Kc2 Qc3+ 37.Kd1 Ra8 38.Qd3 Qa1 39.Re2 Bf6 40.Bb5 Kg7 41.Ba4 Rb8 42.Re4 h5
43.Be8 Qa2 44.Re3 Qg2 45.Rg3 Qh1+ 46.Kc2 Kf8 47.Qxg6 Qxd5 48.Bc6 Qf7 49.Qh6+ Ke7
50.Re3+ Kd8 51.Be8 Qg7 52.Qxg7 Bxg7 53.Bxh5 Rb4 54.Bd2 Rb7 55.Ba5+ Kc8 56.Bg4+ Kb8
57.Re8+ Ka7 58.Bf3 Rb8 59.Rxb8 Kxb8 60.Kd3 Kc8 61.Bc6 Bh6 62.f5 Bg7 63.Ke4 Kb8
64.Kd5 Be5 65.Ke6 Ka7 66.f6 Ka6 67.f7 Bg7  1-0

[Event "25th Cracovia Open A"]
[Site "Krakow POL"]
[Date "2014.12.28"]
[Round "2.8"]
[White "Kanarek,M"]
[Black "Teglas,B"]
[Result "1-0"]
[WhiteElo "2500"]
[BlackElo "2252"]

1.d4 Nf6 2.c4 c5 3.d5 e6 4.Nc3 exd5 5.cxd5 d6 6.Nf3 g6 7.h3 Bg7 8.Bf4 a6
9.a4 O-O 10.e3 Qe7 11.Be2 Nbd7 12.O-O Ne8 13.Nd2 g5 14.Bh2 f5 15.Re1 Ne5
16.f4 Ng6 17.Bh5 Nf6 18.Bxg6 hxg6 19.fxg5 Nd7 20.Nc4 Ne5 21.Bxe5 Bxe5 22.Nxe5 Qxe5
23.Qf3 Bd7 24.a5 Rae8 25.Qf4 Rf7 26.g3 Rfe7 27.Kf2 Bb5 28.Rad1 Kg7 29.h4 Bd7
30.Qf3 Rf8 31.Rh1 Be8 32.Qf4 Bf7 33.Rhe1 Be8 34.Rd2 Bb5 35.Rdd1 Rfe8 36.Qf3 Rf7
37.Rh1 Rfe7 38.h5 Qxe3+ 39.Qxe3 Rxe3 40.h6+ Kh7 41.Rhe1 Rxe1 42.Rxe1 Rxe1
43.Kxe1 Bc4 44.Kf2 Bb3 45.Kf3  1-0

[Event "Lisbon Christmas Op 2014"]
[Site "Lisbon POR"]
[Date "2014.12.28"]
[Round "5.28"]
[White "Pereira,Ant2"]
[Black "Figuero Toro,J"]
[Result "1/2-1/2"]
[WhiteElo "2071"]
[BlackElo "2233"]

1.d4 c5 2.d5 Nf6 3.c4 e6 4.Nc3 exd5 5.cxd5 d6 6.Nf3 g6 7.Bf4 Bg7 8.e3 a6
9.a4 O-O 10.h3 Qe7 11.Be2 Nbd7 12.O-O Rd8 13.Nd2 b6 14.Nc4 Ne8 15.Ra3 Rb8
16.Rb3 Be5 17.Bxe5 dxe5 18.d6 Qf8 19.Bf3 Ndf6 20.Rxb6 Rxb6 21.Nxb6 Rxd6 22.Qb3 Be6
23.Nc4 Rd8 24.Qb6 Bxc4 25.Qxd8 Bxf1 26.Kxf1 Qd6 27.Qxd6 Nxd6 28.Be2  1/2-1/2

[Event "41st Eastern Open 2014"]
[Site "Bethesda USA"]
[Date "2014.12.29"]
[Round "6.4"]
[White "Gorti,Akshita"]
[Black "Samuelson,A"]
[Result "1-0"]
[WhiteElo "1970"]
[BlackElo "2193"]

1.d4 Nf6 2.c4 c5 3.d5 e6 4.Nc3 exd5 5.cxd5 d6 6.Nf3 g6 7.Bf4 a6 8.a4 Bg7
9.h3 O-O 10.e3 Nh5 11.Bh2 f5 12.Be2 f4 13.O-O Qe7 14.Qd3 Bh6 15.Ne4 Bf5 16.Nfd2 Re8
17.Bf3 Nd7 18.Qb3 Rab8 19.Rae1 b5 20.Bxh5 bxa4 21.Qd1 Bxe4 22.exf4 gxh5 23.Nxe4 Qf8
24.Qxa4 Nb6 25.Qd1 Bxf4 26.Qxh5 Bxh2+ 27.Kxh2 Re5 28.Qg4+ Kh8 29.f4 Rxd5
30.f5 Rd4 31.Qg5 Nd7 32.f6 Qf7 33.Qf5 Nf8 34.Rd1 Rxb2 35.Nxd6 Qg6 36.Qxg6 hxg6
37.Nf7+ Kg8 38.Nh6+ Kh7 39.Ng4 Rb7 40.Rde1 Rf7 41.Re7 Rd7 42.Re8 Rd6 43.Re7 Rd7
44.Rfe1 Kh8 45.Re8 Rd6 46.R1e7 Rfxf6 47.Nxf6 Rxf6 48.Rc7 c4 49.Rxc4 Kg7 50.Re7+ Kh6
51.Ra7 Rd6 52.Ra4 Nd7 53.R7xa6 Rd2 54.Rh4+ Kg7 55.Rg4 Ne5 56.Rg3 Kf7 57.Ra5 Re2
58.Kg1 Kf6 59.Kh2 Kf7 60.h4 Kf6  1-0

[Event "25th Cracovia Open A"]
[Site "Krakow POL"]
[Date "2014.12.30"]
[Round "5.11"]
[White "Dragun,K"]
[Black "Sanchez Saez,F"]
[Result "1-0"]
[WhiteElo "2547"]
[BlackElo "2279"]

1.d4 Nf6 2.c4 c5 3.d5 e6 4.Nc3 exd5 5.cxd5 d6 6.Nf3 g6 7.Nd2 Nbd7 8.e4 Bg7
9.Be2 O-O 10.O-O Re8 11.a4 Ne5 12.Re1 g5 13.Nf1 h6 14.Ng3 a6 15.Qc2 Bd7 16.a5 Rc8
17.Nd1 c4 18.Ne3 Bb5 19.Nef5 Nd3 20.Bxd3 cxd3 21.Qd1 Bf8 22.Bd2 Rc4 23.Qf3 Kh7
24.Ne3 Rcxe4 25.Nxe4 Rxe4 26.g3 Qe7 27.Bc3 Nd7 28.Nf5 Rxe1+ 29.Rxe1 Qd8 30.Nxd6  1-0

[Event "23rd Donau Open 2014"]
[Site "Aschach AUT"]
[Date "2014.12.31"]
[Round "7.9"]
[White "Huber,Mart AUT"]
[Black "Dragnev,Valentin"]
[Result "1/2-1/2"]
[WhiteElo "2282"]
[BlackElo "2364"]

1.d4 Nf6 2.c4 c5 3.d5 e6 4.Nc3 exd5 5.cxd5 d6 6.Nf3 g6 7.Bf4 Bg7 8.Qa4+ Bd7
9.Qb3 Qc7 10.e4 O-O 11.Nd2 Nh5 12.Be3 f5 13.exf5 gxf5 14.Be2 Be8 15.Nf3 h6
16.O-O a6 17.a4 Nd7 18.Bd3 Rb8 19.Qc2 f4 20.Bd2 Ne5 21.Be4 b5 22.axb5 axb5
23.Ne2 b4 24.Ned4 Nxf3+ 25.Nxf3 Qe7 26.Rfe1 Qf6 27.Bc1 Bd7 28.Ra7 Bf5 29.h3 Rbe8
30.Qc4 Bc8  1/2-1/2

[Event "90th Hastings Masters 2014-15"]
[Site "Hastings ENG"]
[Date "2014.12.31"]
[Round "3.18"]
[White "Bates,Ri"]
[Black "Wadsworth,Matthew J"]
[Result "1/2-1/2"]
[WhiteElo "2349"]
[BlackElo "2064"]

1.d4 Nf6 2.c4 c5 3.d5 e6 4.Nf3 d6 5.Nc3 exd5 6.cxd5 g6 7.h3 a6 8.e4 b5 9.Bd3 Bg7
10.O-O O-O 11.Bf4 Re8 12.Re1 Bb7 13.Rc1 Qb6 14.Nd2 Nbd7 15.a4 c4 16.Bf1 Nc5
17.Be3 Nfd7 18.axb5 axb5 19.Nxb5 Qxb5 20.Nxc4 Nxe4 21.Nb6 Qxb6 22.Bxb6 Nxb6
23.Bb5 Re5 24.Bc6 Bxc6 25.dxc6 Re6 26.Qd3 d5 27.Red1 Bxb2 28.Rb1 Na4 29.Qxd5 Nec3
30.Qf3 Nxd1 31.Rxd1 Rc8 32.c7 Rxc7 33.Qa8+ Kg7 34.Qxa4 Rec6 35.Kh2 Be5+ 36.g3 Rc2
37.Kg2 h5 38.Qe8 Bf6 39.Rd3 R2c3 40.Rd6 Rc2 41.Qe4 R2c5 42.Ra6 Rc8 43.Ra7  1/2-1/2

[Event "Basel Masters 2015"]
[Site "Basel SUI"]
[Date "2015.01.01"]
[Round "1.8"]
[White "Svane,R"]
[Black "Heer,S"]
[Result "1-0"]
[WhiteElo "2496"]
[BlackElo "2157"]

1.d4 Nf6 2.c4 e6 3.Nc3 c5 4.d5 exd5 5.cxd5 d6 6.Nf3 g6 7.Bf4 a6 8.a4 Qe7
9.e3 Bg7 10.Be2 O-O 11.Nd2 Nbd7 12.Nc4 Ne8 13.h3 g5 14.Bh2 f5 15.O-O Ne5
16.Nb6 Rb8 17.Qd2 f4 18.Nxc8 Rxc8 19.exf4 gxf4 20.Bxf4 Ng6 21.Bg5 Bf6 22.Be3 Ng7
23.Rae1 Nf5 24.Bg4 Be5 25.Bh6 Rf7 26.f4 Bd4+ 27.Kh2 Qh4 28.Bg5 Qg3+ 29.Kh1 Be3
30.Qc2 Rcf8 31.Bxf5 Bxf4 32.Bxf4 Nxf4 33.Ne4 Qd3  1-0

[Event "90th Hastings Masters 2014-15"]
[Site "Hastings ENG"]
[Date "2015.01.02"]
[Round "5.17"]
[White "Taylor,Adam C"]
[Black "Jackson,J"]
[Result "0-1"]
[WhiteElo "2056"]
[BlackElo "2356"]

1.d4 Nf6 2.c4 c5 3.d5 e6 4.Nc3 exd5 5.cxd5 d6 6.Nf3 g6 7.h3 Bg7 8.e4 O-O
9.Bd3 Nh5 10.Bg5 Bf6 11.Qd2 Nd7 12.Be2 Re8 13.O-O a6 14.a4 Ne5 15.Bxf6 Nxf3+
16.Bxf3 Nxf6 17.a5 Rb8 18.Rfe1 Nd7 19.Na4 Qf6 20.Bg4 b5 21.axb6 Nxb6 22.Nxb6 Rxb6
23.Bxc8 Rxc8 24.Qc3 Qd4 25.Qxd4 cxd4 26.Ra4 Rc2 27.Rxd4 Rbxb2 28.Rf1 a5 29.Ra4 Rc5
30.Rfa1 Rcc2 31.Rf1 Rc5 32.Rfa1 Rbb5 33.R1a3 Kg7 34.Rf3 Rb1+ 35.Kh2 Rb4 36.Rfa3 Rbb5
37.Rf3 Kf8 38.g4 Ke7 39.Kg2 Rb4 40.Rfa3 Rxa4 41.Rxa4 Kd7 42.Kf3 Kc7 43.Kf4 h6
44.h4 Kb6 45.Rd4 Rc2 46.e5 Rxf2+ 47.Ke3 dxe5 48.Rc4 Rf4 49.Rc6+ Kb7 50.h5 Rxg4
51.hxg6 fxg6 52.Re6 Kc7 53.Kf3 h5 54.Ra6 a4 55.Rc6+ Kd7 56.Ra6 g5 57.Rh6 Rf4+
58.Ke3 h4 59.Rg6 g4 60.Re6 a3  0-1

[Event "27th Staufer-Open 2015"]
[Site "Schwaebisch Gmuend GER"]
[Date "2015.01.02"]
[Round "1.1"]
[White "Buhmann,R"]
[Black "Henrich,T"]
[Result "1-0"]
[WhiteElo "2590"]
[BlackElo "2218"]

1.d4 Nf6 2.c4 e6 3.Nf3 c5 4.d5 d6 5.Nc3 exd5 6.cxd5 g6 7.Bf4 a6 8.a4 Bg7
9.h3 O-O 10.e3 Qe7 11.Be2 Nbd7 12.O-O Ne8 13.a5 Rb8 14.Re1 b5 15.axb6 Rxb6
16.Qc2 Ne5 17.Nd2 Nc7 18.Bg3 f5 19.Bf1 Rb4 20.Rab1 g5 21.f4 Ng6 22.Na2 Rb8
23.b4 gxf4 24.exf4 Bd4+ 25.Kh2 Qg7 26.Nf3 Nb5 27.Nxd4 Nxd4 28.Qd1 Bb7 29.Nc3 Kh8
30.bxc5 dxc5 31.Na4 Rbd8 32.Nxc5 Bxd5 33.Qd2 Rg8 34.Qf2 Rd6 35.Rbd1 Bc6 36.Nb3 Rgd8
37.Nxd4 Rxd4 38.Rxd4 Qxd4 39.Qa2 Bb5 40.Qb1 Bxf1 41.Rxf1 Qd3 42.Qa1+ Kg8
43.Rf3 Qe2 44.Qa5 Rf8 45.Rb3 Qe4 46.Rb4 Qe6 47.Rb6 Qe4 48.Qa2+ Kg7 49.Qb2+ Kg8
50.Qb3+ Kg7 51.Rb7+ Kh6 52.Qb2 Rg8 53.Rb4 Qd3 54.Rb6 Rf8 55.Bh4 Rf7 56.Bg5+ Kh5
57.Qf2  1-0

[Event "27th Staufer-Open 2015"]
[Site "Schwaebisch Gmuend GER"]
[Date "2015.01.02"]
[Round "2.8"]
[White "Podzielny,KH"]
[Black "Mueller,Reinho"]
[Result "1-0"]
[WhiteElo "2469"]
[BlackElo "2244"]

1.d4 Nf6 2.Nf3 c5 3.d5 e6 4.c4 exd5 5.cxd5 d6 6.Nc3 g6 7.Bg5 Bg7 8.e3 O-O
9.Nd2 a6 10.a4 Nbd7 11.Be2 Re8 12.O-O Rb8 13.Bf4 Ne5 14.a5 Nfd7 15.Bg3 f5
16.e4 Nf6 17.exf5 Bxf5 18.h3 Nf7 19.Re1 Qc7 20.Bh2 g5 21.Nc4 Ne4 22.Bh5 Nxc3
23.Qf3 Bg6 24.Bxg6 hxg6 25.bxc3 Re7 26.Re6 Rbe8 27.Rae1 Rxe6 28.dxe6 Ne5
29.Bxe5 dxe5 30.Qf7+ Qxf7 31.exf7+ Kxf7 32.Nd6+ Ke7 33.Nxe8 Kxe8 34.Rb1  1-0

[Event "Basel Masters 2015"]
[Site "Basel SUI"]
[Date "2015.01.03"]
[Round "4.34"]
[White "Toenz,A"]
[Black "Heinis,V"]
[Result "0-1"]
[WhiteElo "2006"]
[BlackElo "2114"]

1.d4 Nf6 2.c4 e6 3.Nf3 c5 4.d5 exd5 5.cxd5 d6 6.Nc3 g6 7.e4 Bg7 8.Bd3 a6
9.a4 Nbd7 10.O-O Nh5 11.Qc2 Ne5 12.Nxe5 Bxe5 13.Ne2 Bd7 14.Bd2 Rc8 15.Rac1 c4
16.Bxc4 b5 17.axb5 axb5 18.b3 bxc4 19.bxc4 O-O 20.Qd3 f5 21.f3 fxe4 22.fxe4 Qh4
23.g3 Qh3 24.Bc3 Nf6 25.Nf4 Qh6 26.h4 Ng4 27.Bxe5 Nxe5 28.Qd4 g5 29.hxg5 Qxg5
30.Kg2 Rf7 31.Rf2 Rg7 32.Ne2 Bg4 33.Rc3 Bxe2 34.Rxe2 Rxc4 35.Rxc4 Qxg3+ 36.Kf1 Rf7+
37.Rf2 Rxf2+ 38.Qxf2 Qxf2+ 39.Kxf2 Nxc4 40.Kf3 Kg7 41.Kf4 Kg6  0-1

[Event "VI Art Pub Cup 2015"]
[Site "Budapest HUN"]
[Date "2015.01.03"]
[Round "4.9"]
[White "Diller,Denis"]
[Black "Kokeny,Norbert Adrian"]
[Result "1-0"]
[WhiteElo "1838"]
[BlackElo "2086"]

1.d4 Nf6 2.c4 e6 3.Nf3 c5 4.d5 exd5 5.cxd5 d6 6.Nc3 g6 7.e4 Bg7 8.Bf4 a6
9.Qa4+ Bd7 10.Qb3 Bc8 11.a4 O-O 12.Bd3 Nh5 13.Bg5 Qc7 14.O-O Nd7 15.Nd2 h6
16.Be3 Ne5 17.Be2 Ng4 18.Bxg4 Bxg4 19.f3 Bd7 20.Nc4 f5 21.e5 b5 22.axb5 axb5
23.Rxa8 Rxa8 24.Nxb5 Qb8 25.Nca3 Rxa3 26.bxa3 Qxb5 27.Qxb5 Bxb5 28.Rb1 Bc4
29.exd6 Nf6 30.Bxc5 Nd7 31.Bb4 Bd4+ 32.Kh1 Kf7 33.Rc1 Bb5 34.Re1 Be5 35.Rc1 Bd4
36.Rc7 Bb6 37.Rc1 Bd4 38.Rb1 Ba4 39.Rc1 Bb6 40.Rb1 Nf6 41.Bd2 Nxd5 42.Bxh6 Ke6
43.Bf8 Kd7 44.Rc1 Ne3 45.Rb1 Nd5 46.Rc1 f4 47.Rc4 Bb3 48.Rc1 Ba4 49.Rc4 Bb5
50.Rc1 Bc6 51.Rb1 Bc5 52.Ra1 g5 53.h3 Ne3 54.Rc1 Bd4 55.Bh6 Bf6 56.Bf8 Nf5
57.Kh2 Nxd6 58.Rd1 Be5 59.Bh6 Bf6 60.Bf8 Be5 61.Bh6 Bf6 62.h4 gxh4 63.Bxf4 Be7
64.Kh3 Ke6 65.Bxd6 Bxd6 66.Rxd6+ Kxd6 67.Kxh4 Ke6 68.Kg4 Kf6 69.Kf4 Bb5 70.g4 Bc6
71.Kg3 Kg5 72.f4+ Kg6 73.Kf2 Bd7 74.Kf3 Kf6 75.Kg3 Kg6 76.Kh4 Kh6 77.f5 Kg7
78.Kg5 Ba4 79.Kf4 Bd1 80.g5 Kf7 81.Ke5 Bb3 82.g6+ Ke7 83.f6+ Kf8 84.Kf5 Kg8
85.Kg5 Ba4 86.Kh6 Be8 87.g7 Bf7 88.a4 Bb3 89.a5 Bc4 90.a6  1-0

[Event "27th Staufer-Open 2015"]
[Site "Schwaebisch Gmuend GER"]
[Date "2015.01.03"]
[Round "3.18"]
[White "Hubel,M"]
[Black "Carlstedt,J"]
[Result "0-1"]
[WhiteElo "2048"]
[BlackElo "2437"]

1.d4 Nf6 2.c4 e6 3.Nc3 c5 4.d5 exd5 5.cxd5 d6 6.Nf3 g6 7.Nd2 Nbd7 8.e4 Bg7
9.Nc4 Nb6 10.Ne3 O-O 11.Bd3 Nh5 12.O-O Nf4 13.Bc2 g5 14.Nf5 Be5 15.g3 Ng6
16.Qg4 Bf6 17.f4 gxf4 18.Bxf4 Nc4 19.e5 Nxe5 20.Bxe5 Bxe5 21.Rae1 Bd4+ 22.Kh1 Kh8
23.Qh5 Bxf5 24.Qxf5 Re8 25.Rxe8+ Qxe8 26.Qxf7 b6 27.Ne4 Qxf7 28.Rxf7 Ne5
29.Rb7 Rf8 30.Rxa7 Ng4 31.Bd3 Bxb2 32.h3 Ne5 33.Be2 Bd4 34.g4 b5 35.g5 c4
36.Rb7 Nd3 37.Rxb5 Ne1 38.Bd1 Rf1+ 39.Kh2 Be5+ 40.Ng3 Rf2+  0-1

[Event "TCh-CZE 1 Liga Zapad"]
[Site "Prague CZE"]
[Date "2015.01.04"]
[Round "5.7"]
[White "Vojta,P"]
[Black "Skara,V"]
[Result "0-1"]
[WhiteElo "2203"]
[BlackElo "2195"]

1.d4 Nf6 2.Nf3 e6 3.c4 c5 4.d5 exd5 5.cxd5 d6 6.Nc3 g6 7.e4 Bg7 8.Bd3 O-O
9.h3 b5 10.Nxb5 Nxe4 11.O-O a6 12.Na3 Nf6 13.Bc2 Nbd7 14.Bg5 Nb6 15.Rb1 Bb7
16.Bxf6 Qxf6 17.Bb3 a5 18.Nc4 Nxd5 19.Nxa5 Ne3 20.fxe3 Rxa5 21.Bd5 Ba6 22.Rf2 c4
23.b4 cxb3 24.Rxb3 Qe7 25.Qd2 Rc5 26.Rb6 Bb5 27.Rb7 Qd8 28.g3 Qc8 29.Ra7 Bc3
30.Qd1 Qxh3 31.Bxf7+ Rxf7 32.Rxf7 Rh5 33.Rh2 Qxg3+ 34.Rg2 Qh3 35.Kf2 Kxf7
36.Qb3+ Ke7 37.Qxc3 Rf5 38.Qc7+ Bd7 39.Rg3 Qh2+ 40.Rg2 Qh4+ 41.Ke2 Qa4 42.Rh2 Qxa2+
43.Nd2 h5 44.e4 Qa6+ 45.Ke3 Rc5 46.Qb8 Rc3+ 47.Kf4 Qd3  0-1

[Event "27th Staufer-Open 2015"]
[Site "Schwaebisch Gmuend GER"]
[Date "2015.01.04"]
[Round "6.11"]
[White "Mueller,Reinho"]
[Black "Stark,L"]
[Result "1-0"]
[WhiteElo "2244"]
[BlackElo "2454"]

1.d4 Nf6 2.c4 e6 3.Nf3 c5 4.d5 exd5 5.cxd5 d6 6.Nc3 g6 7.Bf4 a6 8.a4 Qe7
9.h3 Bg7 10.e3 O-O 11.Be2 Nbd7 12.O-O Rb8 13.Nd2 Ne8 14.e4 Ne5 15.Bh2 f5
16.f4 Nf7 17.exf5 gxf5 18.Kh1 Nc7 19.Nc4 b5 20.axb5 Nxb5 21.Nxb5 axb5 22.Na5 Bd7
23.Qc2 Qf6 24.Rab1 Rfc8 25.Bf3 Ra8 26.Nc6 Re8 27.b4 c4 28.Bg1 Qc3 29.Qf2 Ra6
30.Rfe1 Rxe1 31.Rxe1 Bf6 32.Nb8 Qxe1 33.Qxe1 Ra1 34.Qe3 c3 35.Nxd7 c2 36.Qe8+ Kg7
37.Qf8+ Kg6 38.Bh5+  1-0

[Event "27th Staufer-Open 2015"]
[Site "Schwaebisch Gmuend GER"]
[Date "2015.01.05"]
[Round "7.18"]
[White "Neyman,I"]
[Black "Henrich,T"]
[Result "1-0"]
[WhiteElo "2313"]
[BlackElo "2218"]

1.d4 Nf6 2.c4 e6 3.Nf3 c5 4.d5 d6 5.Nc3 exd5 6.cxd5 g6 7.h3 Bg7 8.e4 a6 9.a4 O-O
10.Bd3 Nh5 11.O-O Nd7 12.Bg5 Bf6 13.Be3 Re8 14.Qd2 Ne5 15.Be2 Nxf3+ 16.Bxf3 Ng7
17.Rab1 b5 18.axb5 axb5 19.b4 Ba6 20.Rfe1 cxb4 21.Rxb4 Rc8 22.Ne2 Qa5 23.Reb1 Qc7
24.Bd4 Be5 25.Ra1 Qb7 26.Qa2 Ra8 27.Qb2 f5 28.Bxe5 Rxe5 29.Nc3 fxe4 30.Nxe4 Qe7
31.Rxb5 Ne8 32.Rba5 Nc7 33.Qb6 Rf8 34.Rc1 Rxf3 35.Rxc7 Qf8 36.Qxa6 Re8 37.gxf3 Qxf3
38.Rc8  1-0

[Event "Zicosur Open 2015"]
[Site "Antofagasta CHI"]
[Date "2015.01.07"]
[Round "5.27"]
[White "Ubeira,E"]
[Black "Flores Honores,P"]
[Result "0-1"]
[WhiteElo "1821"]
[BlackElo "2086"]

1.d4 Nf6 2.c4 e6 3.Nf3 c5 4.d5 exd5 5.cxd5 d6 6.Nc3 a6 7.a4 g6 8.e4 Bg7 9.Be2 Bg4
10.Nd2 Bxe2 11.Qxe2 O-O 12.O-O Re8 13.f3 Nbd7 14.Nc4 Qc7 15.Bf4 Bf8 16.g4 b6
17.h3 Rab8 18.Qh2 Ne5 19.Nxe5 dxe5 20.Bg5 Nd7 21.Qd2 Bd6 22.Ne2 c4 23.Rfc1 b5
24.axb5 axb5 25.Ra6 Nc5 26.Rc6 Qd7 27.Rxc5 Qa7 28.Kg2 Qxc5 29.h4 Ra8 30.h5 Ra2
31.Nc3 Ra5 32.Be3 Qc7 33.hxg6 fxg6 34.Qf2 Qd7 35.Rh1 b4 36.Ne2 Ra2 37.Bc1 c3
38.bxc3 b3 39.c4 b2 40.Bxb2 Rxb2 41.Qe3 Qe7 42.Kg3 Reb8 43.Rc1 Bc5 44.Qd3 R8b3
45.Rc3 Rxc3 46.Nxc3 Bf2+ 47.Kg2 Qh4 48.Ne2 Bd4 49.Qd1 Qf2+  0-1

[Event "122nd ch-NZL Open 2015"]
[Site "Auckland NZL"]
[Date "2015.01.09"]
[Round "9.18"]
[White "Zhang,Leo"]
[Black "Steadman,M"]
[Result "0-1"]
[WhiteElo "1908"]
[BlackElo "2257"]

1.d4 Nf6 2.c4 c5 3.d5 e6 4.Nc3 exd5 5.cxd5 d6 6.Nf3 g6 7.Bf4 a6 8.a4 Bg7
9.h3 O-O 10.e3 Qe7 11.Bd3 Nbd7 12.O-O Ne5 13.Be2 Rb8 14.Nd2 Bd7 15.a5 Bb5
16.Bh2 Qe8 17.e4 g5 18.g3 b6 19.f4 gxf4 20.gxf4 Ng6 21.Re1 bxa5 22.Rxa5 Bxe2
23.Rxe2 Rxb2 24.Nc4 Rxe2 25.Qxe2 Qd7 26.f5 Nxe4 27.Nxe4 Qxf5 28.Ncxd6 Qxh3
29.Nf2 Bd4 30.Ne4 Nh4 31.Nf6+ Kh8 32.Qg4 Nf3+ 33.Qxf3 Qxf3 34.Ne4 Qxe4  0-1

[Event "Prague Open 2015"]
[Site "Prague CZE"]
[Date "2015.01.09"]
[Round "1.46"]
[White "Pribyl,Jar2"]
[Black "Daels,M"]
[Result "0-1"]
[WhiteElo "1923"]
[BlackElo "2237"]

1.d4 Nf6 2.Nf3 c5 3.d5 e6 4.c4 d6 5.Nc3 exd5 6.cxd5 g6 7.e4 a6 8.a4 Bg4 9.Bd3 Nbd7
10.h3 Bxf3 11.gxf3 Nh5 12.f4 Bg7 13.Be2 Nhf6 14.Be3 O-O 15.h4 Re8 16.Qc2 Qa5
17.Bd2 c4 18.h5 Nc5 19.hxg6 fxg6 20.Nb5 Qb6 21.Nxd6 Nd3+ 22.Bxd3 cxd3 23.Nc4 Qd4
24.Qb3 Qxe4+ 25.Be3 Qxh1+ 26.Kd2 Qxa1 27.d6 Ne4+ 28.Kxd3 Qf1+ 29.Kc2 Rac8  0-1

[Event "Baltic zt Tallinn 2015"]
[Site "Tallinn EST"]
[Date "2015.01.12"]
[Round "1.2"]
[White "Ladva,O"]
[Black "Ezov,R"]
[Result "1/2-1/2"]
[WhiteElo "2404"]
[BlackElo "2238"]

1.d4 Nf6 2.c4 c5 3.d5 e6 4.Nc3 exd5 5.cxd5 d6 6.Nf3 g6 7.Nd2 Nbd7 8.e4 Bg7
9.Be2 O-O 10.O-O Re8 11.Re1 Ne5 12.h3 a6 13.a4 Qc7 14.Qc2 Rb8 15.Ra2 c4 16.a5 Bd7
17.f4 Qc5+ 18.Kh2 Qf2 19.Rf1 Nfg4+ 20.Kh1 Qg3 21.Bxg4 Bxg4 22.Ra3 Bxh3 23.gxh3 Qxh3+
24.Kg1 Qg3+  1/2-1/2

[Event "74th ch-GEO 2015"]
[Site "Tbilisi GEO"]
[Date "2015.01.14"]
[Round "2.2"]
[White "Benidze,D"]
[Black "Pantsulaia,L"]
[Result "0-1"]
[WhiteElo "2473"]
[BlackElo "2583"]

1.Nf3 Nf6 2.d4 e6 3.c4 c5 4.d5 d6 5.Nc3 exd5 6.cxd5 g6 7.g3 Bg7 8.Bg2 O-O
9.O-O Na6 10.h3 Re8 11.Nd2 Nc7 12.a4 b6 13.e4 Ba6 14.Re1 Nd7 15.Nf3 Qe7 16.Bf4 Qf8
17.Qc2 h6 18.Rab1 g5 19.Bd2 Bb7 20.Nh2 Ne5 21.Ng4 Nc4 22.Ne3 Nxe3 23.Bxe3 Na6
24.Nb5 Nb4 25.Qd2 Red8 26.Kh2 a6 27.Nc3 Re8 28.f4 gxf4 29.Bxf4 Bc8 30.Re3 Bd7
31.Rbe1 c4 32.e5 dxe5 33.Bxe5 Rxe5 34.Rxe5 Nd3 35.Re7 Nxe1 36.Qxe1 Rd8 37.Qe4 b5
38.d6 bxa4 39.Qxc4 Be6 40.Qxa4 Be5 41.Ne4 Bxd6 42.Ra7 Be5 43.Qxa6 Qg7 44.b3 Rd4
45.Qe2 Bd5  0-1